[Event "Junior Online 4NCL Division 5"]
[Site "online"]
[Date "2020.04.23"]
[Round "2.86"]
[White "Syposz, Iza"]
[Black "Clegg, Anya"]
[Result "0-1"]
[WhiteElo "1007"]
[BlackElo "1142"]
[PlyCount "56"]
[EventDate "2020.04.23"]
[WhiteTeam "Cambridge Chess & Go C"]
[BlackTeam "Bristol Bishops"]

1. e4 e5 2. Nf3 Nc6 3. Bc4 Qe7 4. O-O g6 5. d3 Nf6 6. Bg5 Bg7 7. Bxf6 Bxf6 8.
Nc3 O-O 9. Nb5 d6 10. b3 Bg4 11. h3 Bxf3 12. Qxf3 Bg7 13. a4 Nd4 14. Nxd4 exd4
15. Bb5 c6 16. c4 cxb5 17. cxb5 Qe6 18. Qg4 Qxb3 19. Rab1 Qxd3 20. Qd1 Qxe4 21.
Qe1 Qh4 22. Rc1 Rfe8 23. Qd1 Be5 24. Rc7 b6 25. Rb7 Qf4 26. g3 Qf5 27. g4 Qf4
28. Qe1 Qh2# 0-1

[Event "Junior Online 4NCL Division 5"]
[Site "online"]
[Date "2020.04.23"]
[Round "2.87"]
[White "Saha, Soumil"]
[Black "Dushi, Errol"]
[Result "1-0"]
[WhiteElo "1075"]
[BlackElo "925"]
[PlyCount "35"]
[EventDate "2020.04.23"]
[WhiteTeam "Bristol Bishops"]
[BlackTeam "Cambridge Chess & Go C"]

1. d4 d5 2. c4 dxc4 3. e4 Nf6 4. Nc3 Nc6 5. Nf3 Bg4 6. Be2 Bxf3 7. Bxf3 Nxd4 8.
Be3 Nxf3+ 9. Qxf3 g6 10. a3 h5 11. O-O Bh6 12. Bxh6 Rxh6 13. Rfd1 Qc8 14. Qf4
Rh8 15. Nb5 Rb8 16. Nxa7 Qe6 17. Qxc7 Rd8 18. Rxd8# 1-0

[Event "Junior Online 4NCL Division 5"]
[Site "online"]
[Date "2020.04.23"]
[Round "2.88"]
[White "Soni, Raghhav"]
[Black "Manouvel, Maelys"]
[Result "0-1"]
[WhiteElo "925"]
[BlackElo "1037"]
[PlyCount "90"]
[EventDate "2020.04.23"]
[WhiteTeam "Cambridge Chess & Go C"]
[BlackTeam "Bristol Bishops"]

1. e4 c6 2. Nc3 d5 3. Nf3 dxe4 4. Nxe4 Nd7 5. d3 Ngf6 6. Ng3 Nb6 7. Be2 Bg4 8.
h3 Bxf3 9. gxf3 e6 10. O-O Bd6 11. f4 O-O 12. Bf3 Qc7 13. b3 Bxf4 14. Bxf4 Qxf4
15. Ne2 Qxf3 16. Qc1 Qxe2 17. c3 Qh5 18. a3 Qxh3 19. Ra2 Ng4 20. f3 Ne5 21. Re1
Nxf3+ 22. Kf2 Nxe1 23. Kxe1 Qh1+ 24. Kd2 Qxc1+ 25. Kxc1 Rfd8 26. Rd2 Rd6 27.
Re2 Rxd3 28. Kc2 Rad8 29. b4 Nc4 30. Kb3 Rd2 31. Re1 Nb6 32. Re5 R2d5 33. Re1
h5 34. Rh1 g6 35. Rc1 h4 36. Re1 h3 37. Re2 Rh5 38. a4 h2 39. a5 h1=Q 40. axb6
Qb1+ 41. Kc4 Qd3+ 42. Kb3 Qxe2 43. bxa7 Rh2 44. a8=Q Rxa8 45. c4 Qc2# 0-1

[Event "Junior Online 4NCL Division 5"]
[Site "online"]
[Date "2020.04.23"]
[Round "2.89"]
[White "Wan, Qiao"]
[Black "Manouvel, Loic"]
[Result "0-1"]
[WhiteElo "1082"]
[BlackElo "1375"]
[PlyCount "122"]
[EventDate "2020.04.23"]
[WhiteTeam "Cambridge Chess & Go C"]
[BlackTeam "Bristol Bishops"]

1. e4 c5 2. Nf3 Nc6 3. Nc3 d6 4. Bc4 g6 5. O-O Bg7 6. Qe2 Nf6 7. Ng5 O-O 8. Qf3
e6 9. Qh3 d5 10. e5 Nxe5 11. Be2 d4 12. Nce4 h6 13. Nxf6+ Qxf6 14. Ne4 Qe7 15.
Bd3 c4 16. Be2 d3 17. cxd3 cxd3 18. Bxd3 Nxd3 19. Qxd3 b6 20. Re1 Bb7 21. b3
Bxa1 22. a3 Bxe4 23. Qxe4 Qf6 24. d3 Bd4 25. Bxh6 Qxf2+ 26. Kh1 Rfc8 27. h3 Kh7
28. Bd2 Qxd2 29. Qh4+ Qh6 30. Qxd4 Rc1 31. Rxc1 Qxc1+ 32. Kh2 Qc7+ 33. Kh1 Rd8
34. Qh4+ Kg8 35. d4 Qc1+ 36. Kh2 Qxa3 37. Qxd8+ Kg7 38. Qa8 Qd6+ 39. g3 Qxd4
40. Qxa7 Qb2+ 41. Kh1 Qxb3 42. Qa1+ Kh7 43. Qe5 Qd5+ 44. Qxd5 exd5 45. Kg2 f5
46. Kf2 g5 47. Ke3 Kh6 48. g4 f4+ 49. Kf2 b5 50. Ke2 b4 51. Kd2 b3 52. Kc3 f3
53. Kxb3 f2 54. Kc2 f1=Q 55. Kc3 Qc4+ 56. Kd2 d4 57. Ke1 d3 58. Kd2 Qc2+ 59.
Ke3 d2 60. Ke2 d1=Q+ 61. Ke3 Qce2# 0-1

[Event "Junior Online 4NCL Division 5"]
[Site "online"]
[Date "2020.04.23"]
[Round "2.90"]
[White "Clegg, Anya"]
[Black "Syposz, Iza"]
[Result "0-1"]
[WhiteElo "1142"]
[BlackElo "1007"]
[PlyCount "60"]
[EventDate "2020.04.23"]
[WhiteTeam "Bristol Bishops"]
[BlackTeam "Cambridge Chess & Go C"]

1. d4 e6 2. Nf3 Bb4+ 3. c3 Bd6 4. e3 Nf6 5. Bd3 O-O 6. O-O Nc6 7. Nbd2 e5 8. e4
exd4 9. cxd4 b6 10. e5 Nd5 11. exd6 cxd6 12. Qe2 Qe8 13. Qe4 Nf6 14. Nb1 Nxe4
15. Bxe4 Qxe4 16. Re1 Qg6 17. d5 Nb4 18. a3 Nd3 19. Rd1 Nxc1 20. Rxc1 Ba6 21.
Rc7 Bd3 22. Nbd2 Be2 23. Rxd7 Bxf3 24. Nxf3 Rfd8 25. Rc7 Rdc8 26. Rac1 Rxc7 27.
Rxc7 f6 28. Rc6 Qb1+ 29. Rc1 Qxc1+ 30. Ne1 Qxe1# 0-1

[Event "Junior Online 4NCL Division 5"]
[Site "online"]
[Date "2020.04.23"]
[Round "2.91"]
[White "Dushi, Errol"]
[Black "Saha, Soumil"]
[Result "0-1"]
[WhiteElo "925"]
[BlackElo "1075"]
[PlyCount "64"]
[EventDate "2020.04.23"]
[WhiteTeam "Cambridge Chess & Go C"]
[BlackTeam "Bristol Bishops"]

1. e4 e5 2. Bc4 Nf6 3. Qe2 Bc5 4. Qf3 O-O 5. d3 c6 6. Bg5 Be7 7. Na3 c5 8.
O-O-O Nc6 9. Bxf6 Bxf6 10. g4 Nd4 11. Qe3 Bg5 12. Qxg5 Qxg5+ 13. Rd2 d6 14. f4
Qxf4 15. Ne2 Nxe2+ 16. Kd1 Bxg4 17. Rxe2 Bxe2+ 18. Kxe2 Qg4+ 19. Kf2 Qf4+ 20.
Ke2 Qg4+ 21. Kf2 Qh4+ 22. Ke2 Qh3 23. Kf2 Kh8 24. Nb5 f5 25. Nxd6 fxe4+ 26. Ke2
Qg2+ 27. Ke3 Qxh1 28. Nxb7 Qf3+ 29. Kd2 Qf2+ 30. Kc3 Qd4+ 31. Kb3 Rab8 32. Ba6
Qb4# 0-1

[Event "Junior Online 4NCL Division 5"]
[Site "online"]
[Date "2020.04.23"]
[Round "2.92"]
[White "Manouvel, Maelys"]
[Black "Soni, Raghhav"]
[Result "1-0"]
[WhiteElo "1037"]
[BlackElo "925"]
[PlyCount "41"]
[EventDate "2020.04.23"]
[WhiteTeam "Bristol Bishops"]
[BlackTeam "Cambridge Chess & Go C"]

1. e4 d5 2. exd5 e6 3. dxe6 fxe6 4. Nf3 Nf6 5. Be2 Bc5 6. O-O Bd4 7. Nxd4 e5 8.
Nb3 O-O 9. Bc4+ Kh8 10. d3 Nfd7 11. Bd2 Rf5 12. Be6 Rf6 13. Bxd7 Bxd7 14. Bg5
Re6 15. Bxd8 Rf6 16. Bxf6 gxf6 17. Qh5 Nc6 18. Nc3 a6 19. Nd5 Rc8 20. Nxf6 Rd8
21. Qxh7# 1-0

[Event "Junior Online 4NCL Division 5"]
[Site "online"]
[Date "2020.04.30"]
[Round "3.11"]
[White "Jayakumar, Bharath"]
[Black "Hand, Joseph"]
[Result "1-0"]
[WhiteElo "1255"]
[BlackElo "1092"]
[PlyCount "39"]
[EventDate "2020.04.30"]
[WhiteTeam "Harrow Juniors D"]
[BlackTeam "St Benildus 1"]

1. d4 d5 2. c4 dxc4 3. e4 e5 4. d5 Nf6 5. Nc3 Bb4 6. Qa4+ c6 7. Qxb4 cxd5 8.
exd5 Nxd5 9. Qb5+ Nc6 10. Nxd5 O-O 11. Bxc4 Nd4 12. Qa4 Be6 13. Ne3 Bxc4 14.
Qxc4 Rc8 15. Qb4 Qg5 16. Qxb7 Nf5 17. Nh3 Qh6 18. O-O Nh4 19. Nf5 Nf3+ 20. Qxf3
1-0

[Event "Junior Online 4NCL Division 5"]
[Site "online"]
[Date "2020.04.30"]
[Round "3.12"]
[White "Liu, Wenle"]
[Black "Rahman, Faraz"]
[Result "1-0"]
[WhiteElo "1069"]
[BlackElo "1202"]
[PlyCount "69"]
[EventDate "2020.04.30"]
[WhiteTeam "St Benildus 1"]
[BlackTeam "Harrow Juniors D"]

1. e4 e5 2. Nf3 Nc6 3. Bc4 h6 4. c3 Nf6 5. d4 exd4 6. cxd4 Nxe4 7. O-O Nf6 8.
Re1+ Be7 9. Be3 O-O 10. Nc3 d6 11. Qd2 Bg4 12. Qe2 Bxf3 13. Qxf3 a6 14. Qg3 Nh5
15. Qg4 Nf6 16. Qf3 Qd7 17. Rad1 Qg4 18. Qxg4 Nxg4 19. Bf4 Bf6 20. h3 Nxf2 21.
Kxf2 Bxd4+ 22. Kf1 b5 23. Bd5 Bxc3 24. bxc3 g5 25. Bxc6 gxf4 26. Bxa8 Rxa8 27.
Re4 c5 28. Rxf4 Rd8 29. Rd5 b4 30. cxb4 cxb4 31. Rxb4 a5 32. Rxa5 d5 33. Rd4 f5
34. Raxd5 Ra8 35. Rd8+ 1-0

[Event "Junior Online 4NCL Division 5"]
[Site "online"]
[Date "2020.04.30"]
[Round "3.13"]
[White "Karjodkar, Praneeta"]
[Black "Bueckert, Diana"]
[Result "0-1"]
[WhiteElo "1232"]
[BlackElo "965"]
[PlyCount "70"]
[EventDate "2020.04.30"]
[WhiteTeam "Harrow Juniors D"]
[BlackTeam "St Benildus 1"]

1. e4 e6 2. Nc3 Nc6 3. Nf3 Bc5 4. d3 d5 5. exd5 exd5 6. Bg5 Be7 7. Be3 Nf6 8.
d4 O-O 9. Bd3 Bb4 10. a3 Bxc3+ 11. bxc3 Re8 12. O-O Ng4 13. Bg5 Nf6 14. h3 Bd7
15. Nh4 h6 16. Bf4 Ne4 17. Qh5 Nxc3 18. Nf5 Bxf5 19. Qxf5 g6 20. Qg4 h5 21. Qf3
Nxd4 22. Bxc7 Nxf3+ 23. Kh1 Qxc7 24. gxf3 Qf4 25. Rg1 Qxf3+ 26. Kh2 Qxf2+ 27.
Kh1 Ne2 28. Bxg6 Ng3+ 29. Rxg3 Qxg3 30. Bxh5 Qxh3+ 31. Kg1 Qxh5 32. Kg2 Re2+
33. Kf1 Rae8 34. Kg1 Qg4+ 35. Kf1 Qg2# 0-1

[Event "Junior Online 4NCL Division 5"]
[Site "online"]
[Date "2020.04.30"]
[Round "3.14"]
[White "Bueckert, Lucy"]
[Black "Valecha, Nikhil"]
[Result "1-0"]
[WhiteElo "819"]
[BlackElo "1277"]
[PlyCount "73"]
[EventDate "2020.04.30"]
[WhiteTeam "St Benildus 1"]
[BlackTeam "Harrow Juniors D"]

1. f4 c5 2. Nf3 Nc6 3. e3 Nf6 4. Bb5 g6 5. b3 Bg7 6. Bb2 O-O 7. O-O d5 8. Bxc6
bxc6 9. Ne5 Ne4 10. Nxc6 Qc7 11. Bxg7 Kxg7 12. Ne5 Ba6 13. d3 Nd6 14. Qg4 d4
15. exd4 cxd4 16. Re1 Qxc2 17. Na3 Qc3 18. Nd7 Bc8 19. Rac1 Bxd7 20. Qxd7 Qxd3
21. Qxe7 Nf5 22. Qe5+ Kg8 23. Qe2 Qxe2 24. Rxe2 Rae8 25. Rxe8 Rxe8 26. Rd1 Re2
27. g4 Nh4 28. Kf1 Rxa2 29. Nc4 Rxh2 30. Rxd4 Rh1+ 31. Kf2 Rh2+ 32. Kg3 Rh1 33.
Rd7 Rg1+ 34. Kxh4 Rb1 35. Kg5 Rxb3 36. Kf6 Rg3 37. Rd8# 1-0

[Event "Junior Online 4NCL Division 5"]
[Site "online"]
[Date "2020.04.30"]
[Round "3.15"]
[White "Hand, Joseph"]
[Black "Jayakumar, Bharath"]
[Result "0-1"]
[WhiteElo "1092"]
[BlackElo "1255"]
[PlyCount "122"]
[EventDate "2020.04.30"]
[WhiteTeam "St Benildus 1"]
[BlackTeam "Harrow Juniors D"]

1. e4 c5 2. Nf3 d6 3. d4 cxd4 4. Nxd4 Nf6 5. Nc3 a6 6. Bc4 b5 7. Ndxb5 axb5 8.
Bxb5+ Bd7 9. Qd3 e6 10. Bg5 Be7 11. Bxf6 Bxf6 12. Qxd6 Bxc3+ 13. bxc3 Bxb5 14.
Qxd8+ Kxd8 15. O-O-O+ Ke7 16. Rd4 Rxa2 17. Rb4 Ra1+ 18. Rb1 Rxb1+ 19. Kxb1 Kf6
20. Rd1 g6 21. f4 Kg7 22. h4 h5 23. g3 Rc8 24. Kb2 Na6 25. Ra1 Nc5 26. Ra5 Na4+
27. Kc1 Nxc3 28. Kb2 Rc5 29. Ka3 Rc4 30. Kb3 Ra4 31. Rxa4 Nxa4 32. Kb4 Bc6 33.
c4 Nb2 34. c5 Nd3+ 35. Kc4 Bxe4 36. Kd4 f5 37. c6 Bxc6 38. Kxd3 Kf6 39. Kd4 Bb7
40. Ke3 e5 41. fxe5+ Kxe5 42. Kf2 f4 43. gxf4+ Kxf4 44. Kg1 Kg4 45. Kf2 Kxh4
46. Kg1 Kg3 47. Kf1 h4 48. Kg1 h3 49. Kf1 h2 50. Ke2 h1=Q 51. Ke3 Qe1+ 52. Kd4
Kf3 53. Kc4 Bd5+ 54. Kc5 Qc3+ 55. Kd6 Qc6+ 56. Ke5 Be4 57. Kd4 Qd6+ 58. Kc4
Bd3+ 59. Kc3 Qc5+ 60. Kd2 Qc2+ 61. Ke1 Qe2# 0-1

[Event "Junior Online 4NCL Division 5"]
[Site "online"]
[Date "2020.04.30"]
[Round "3.16"]
[White "Rahman, Faraz"]
[Black "Liu, Wenle"]
[Result "1/2-1/2"]
[WhiteElo "1202"]
[BlackElo "1069"]
[PlyCount "124"]
[EventDate "2020.04.30"]
[WhiteTeam "Harrow Juniors D"]
[BlackTeam "St Benildus 1"]

1. d4 d5 2. c4 e6 3. Nc3 Nf6 4. Bf4 Bb4 5. Qa4+ Nc6 6. cxd5 Nxd5 7. Bd2 Nxc3 8.
Bxc3 Bxc3+ 9. bxc3 Bd7 10. Qd1 O-O 11. e3 Ne7 12. Nh3 Nd5 13. Bd3 Nxc3 14. Qc2
Nd5 15. Bxh7+ Kh8 16. Be4 c6 17. Qe2 g6 18. f4 Nc3 19. Qd3 Qa5 20. O-O Nxe4 21.
Qxe4 f5 22. Qf3 Qd5 23. Qg3 Kg7 24. Ng5 c5 25. dxc5 Qxc5 26. Rfd1 Qc6 27. Rac1
Qb5 28. Rc7 Rfd8 29. Nxe6+ Kf7 30. Nxd8+ Rxd8 31. Qg5 Qa4 32. Rd2 Ke8 33. Qxg6+
Ke7 34. Qg7+ Ke8 35. Rdxd7 Rxd7 36. Qg8+ Ke7 37. Qg7+ Kd6 38. Rxd7+ Qxd7 39.
Qxd7+ Kxd7 40. Kf2 Ke6 41. Ke2 Kd5 42. h4 Ke6 43. Kd3 Kf6 44. Kc4 Kg6 45. Kd5
Kh5 46. Ke5 a5 47. Kd4 Kxh4 48. Kc5 Kg3 49. Kb6 Kxg2 50. Kxb7 Kf3 51. Kb6 Kxe3
52. Kxa5 Kxf4 53. Kb6 Ke4 54. a4 f4 55. a5 f3 56. a6 f2 57. a7 f1=Q 58. a8=Q+
Ke3 59. Qe8+ Kd2 60. Qd8+ Ke1 61. Qe8+ Qe2 62. Qxe2+ Kxe2 1/2-1/2

[Event "Junior Online 4NCL Division 5"]
[Site "online"]
[Date "2020.04.30"]
[Round "3.17"]
[White "Bueckert, Diana"]
[Black "Karjodkar, Praneeta"]
[Result "1-0"]
[WhiteElo "965"]
[BlackElo "1232"]
[PlyCount "77"]
[EventDate "2020.04.30"]
[WhiteTeam "St Benildus 1"]
[BlackTeam "Harrow Juniors D"]

1. f4 Nf6 2. Nf3 d5 3. e3 Nc6 4. b3 Bf5 5. Bb5 e6 6. Bxc6+ bxc6 7. O-O Bc5 8.
Bb2 O-O 9. Ne5 Ne4 10. Nxc6 Qh4 11. Qe1 Qxe1 12. Rxe1 h6 13. d3 Nf6 14. Nd2 Ng4
15. d4 Bd6 16. c4 dxc4 17. Nxc4 Be4 18. N6e5 Nxe5 19. fxe5 Bb4 20. Rf1 Bd3 21.
Rfc1 Bd2 22. Nxd2 Rac8 23. Ba3 Rfe8 24. Rc3 Bf5 25. Bc5 a6 26. Nc4 Be4 27. Nd2
Bf5 28. b4 f6 29. exf6 gxf6 30. Ra3 e5 31. Rxa6 exd4 32. Bxd4 Kh7 33. Rxf6 Kg7
34. Rxf5+ Kg6 35. Rf6+ Kg7 36. Raf1 Kg8 37. R1f3 c6 38. Rg3+ Kh7 39. Rf7# 1-0

[Event "Junior Online 4NCL Division 5"]
[Site "online"]
[Date "2020.04.30"]
[Round "3.18"]
[White "Valecha, Nikhil"]
[Black "Bueckert, Lucy"]
[Result "0-1"]
[WhiteElo "1277"]
[BlackElo "819"]
[PlyCount "70"]
[EventDate "2020.04.30"]
[WhiteTeam "Harrow Juniors D"]
[BlackTeam "St Benildus 1"]

1. c4 e5 2. Nc3 Bb4 3. g3 Bxc3 4. dxc3 d6 5. e4 Nf6 6. Nf3 Nxe4 7. Bg2 Bf5 8.
O-O Nc6 9. Bg5 Nxg5 10. Nxg5 Qxg5 11. Qc1 Qxc1 12. Raxc1 Bd3 13. Rfd1 Bxc4 14.
Bd5 Bxd5 15. Rxd5 O-O 16. Rb5 Rab8 17. c4 Nd4 18. Ra5 Ne2+ 19. Kf1 Nxc1 20.
Rxa7 Ra8 21. Rxb7 Rxa2 22. Rxc7 Rxb2 23. Kg2 Rbb8 24. Rd7 Rfc8 25. Rxd6 Rxc4
26. Rd1 g6 27. Rd5 Re8 28. Rd7 e4 29. Rd2 e3 30. fxe3 Rxe3 31. Rd8+ Kg7 32. Rd2
Re2+ 33. Kf1 Rxd2 34. Ke1 Nb3 35. Kf1 Rc1# 0-1

[Event "Junior Online 4NCL Division 5"]
[Site "online"]
[Date "2020.04.30"]
[Round "3.21"]
[White "Cheema, Jaideep C"]
[Black "Madhavan, Sanjith"]
[Result "0-1"]
[WhiteElo "1337"]
[BlackElo "1498"]
[PlyCount "108"]
[EventDate "2020.04.30"]
[WhiteTeam "Brentwood 2"]
[BlackTeam "East Kilbride Knights"]

1. e4 c6 2. d4 d5 3. Nc3 dxe4 4. Nxe4 Bf5 5. Ng3 Bg6 6. Nf3 Nd7 7. Bd3 Bxd3 8.
Qxd3 Ngf6 9. O-O e6 10. Bg5 Be7 11. Ne5 Nxe5 12. dxe5 Qxd3 13. cxd3 Nd5 14.
Bxe7 Kxe7 15. a3 Rad8 16. Rfd1 Nf4 17. Kf1 Nxd3 18. b4 Nxe5 19. Ke2 Rxd1 20.
Rxd1 Rd8 21. Rxd8 Kxd8 22. Kd2 Nc4+ 23. Kc3 Nxa3 24. Ne4 Ke7 25. Nc5 b6 26. Nd3
Kd6 27. Nf4 Nb5+ 28. Kc4 Nc7 29. Nd3 e5 30. Kb3 Ne6 31. Kc4 Nf4 32. Nxf4 exf4
33. Kd4 c5+ 34. Kc4 cxb4 35. Kxb4 Kd5 36. Kb5 Ke4 37. Kc4 a6 38. Kc3 b5 39. Kc2
b4 40. Kb3 a5 41. Ka4 Kd3 42. Kb3 Ke2 43. f3 Kf2 44. g3 fxg3 45. hxg3 Kxg3 46.
f4 Kxf4 47. Kc4 h5 48. Kb5 b3 49. Kxa5 b2 50. Ka4 b1=Q 51. Ka3 Ke4 52. Ka4 Kd4
53. Ka5 Kc5 54. Ka6 Qb6# 0-1

[Event "Junior Online 4NCL Division 5"]
[Site "online"]
[Date "2020.04.30"]
[Round "3.22"]
[White "Shrestha, Unnabh"]
[Black "Antonopoulos, Chris"]
[Result "0-1"]
[WhiteElo "1084"]
[BlackElo "1307"]
[PlyCount "102"]
[EventDate "2020.04.30"]
[WhiteTeam "East Kilbride Knights"]
[BlackTeam "Brentwood 2"]

1. d4 d5 2. Bf4 Bf5 3. e3 Nf6 4. Bd3 Bg6 5. c3 e6 6. h3 Bd6 7. Bxd6 cxd6 8. Qc2
Bxd3 9. Qxd3 O-O 10. Nd2 Nc6 11. Ngf3 e5 12. Qc2 e4 13. Nh2 Qe7 14. O-O-O a5
15. a3 a4 16. Rde1 Qc7 17. f3 Na5 18. fxe4 dxe4 19. Nxe4 Nxe4 20. Qxe4 Nb3+ 21.
Kc2 Rfd8 22. Nf3 d5 23. Qd3 h6 24. g4 Qg3 25. Ref1 Qg2+ 26. Kb1 Na5 27. h4 Nc4
28. Qc2 Qxc2+ 29. Kxc2 Nxe3+ 30. Kd3 Nxf1 31. Rxf1 Rd7 32. Ne5 Re7 33. Rf3 Rae8
34. Kc2 b5 35. Nc6 Re2+ 36. Kb1 Rg2 37. Nb4 Re1+ 38. Ka2 Ree2 39. Nxd5 Rxb2+
40. Ka1 Ra2+ 41. Kb1 Rgb2+ 42. Kc1 Rc2+ 43. Kb1 Rab2+ 44. Ka1 Rg2 45. Nf4 Rh2
46. d5 Rbd2 47. Rf1 Ra2+ 48. Kb1 Rhb2+ 49. Kc1 Rd2 50. Re1 Rf2 51. Nd3 Ra1# 0-1

[Event "Junior Online 4NCL Division 5"]
[Site "online"]
[Date "2020.04.30"]
[Round "3.23"]
[White "Kriel, Daniel"]
[Black "Tandon, Ashley"]
[Result "0-1"]
[WhiteElo "1090"]
[BlackElo "905"]
[PlyCount "104"]
[EventDate "2020.04.30"]
[WhiteTeam "Brentwood 2"]
[BlackTeam "East Kilbride Knights"]

1. e4 c6 2. Nf3 d5 3. exd5 cxd5 4. d4 e6 5. Bb5+ Nc6 6. c3 Bd6 7. Bxc6+ bxc6 8.
Nbd2 Nf6 9. Nb3 h6 10. Be3 O-O 11. O-O Re8 12. Qd3 Qc7 13. g3 e5 14. dxe5 Bxe5
15. Nxe5 Qxe5 16. Bf4 Qe2 17. Qd2 Qxd2 18. Bxd2 Bh3 19. Rfe1 Rad8 20. Nc5 Rd6
21. Bf4 Rdd8 22. b4 Ne4 23. Nxe4 Rxe4 24. Rxe4 dxe4 25. Re1 Re8 26. a4 Bd7 27.
Kg2 f5 28. f3 exf3+ 29. Kxf3 Rxe1 30. a5 a6 31. c4 Rb1 32. b5 cxb5 33. c5 Bc6+
34. Kf2 Ra1 35. h4 Rxa5 36. Kg1 Ra1+ 37. Kf2 b4 38. Be5 Ra2+ 39. Kg1 b3 40. h5
b2 41. Bxb2 Rxb2 42. Kf1 a5 43. Ke1 a4 44. Kd1 a3 45. Kc1 Rb8 46. Kc2 a2 47.
Kc3 a1=Q+ 48. Kc4 Qc1+ 49. Kd4 Rb4+ 50. Ke5 Re4+ 51. Kxf5 Qxc5+ 52. Kg6 Qg5#
0-1

[Event "Junior Online 4NCL Division 5"]
[Site "online"]
[Date "2020.04.30"]
[Round "3.24"]
[White "Nagar Nikunj"]
[Black "Coppell, Gracie"]
[Result "1-0"]
[WhiteElo "653"]
[BlackElo "1000"]
[PlyCount "47"]
[EventDate "2020.04.30"]
[WhiteTeam "East Kilbride Knights"]
[BlackTeam "Brentwood 2"]

1. e4 e5 2. Nf3 Nc6 3. Bc4 Nf6 4. Nc3 g6 5. d3 b6 6. O-O Bc5 7. Re1 d6 8. Be3
Bg4 9. Bxc5 dxc5 10. Qe2 O-O 11. Nd5 Nxd5 12. Bxd5 Bxf3 13. Qxf3 Rc8 14. Bxc6
Kg7 15. Qg3 Rb8 16. Qxe5+ f6 17. Qf4 Qd6 18. Qxd6 cxd6 19. Bd5 f5 20. exf5 Rxf5
21. Re7+ Rf7 22. Rxf7+ Kh8 23. Re1 Re8 24. Rxe8# 1-0

[Event "Junior Online 4NCL Division 5"]
[Site "online"]
[Date "2020.04.30"]
[Round "3.25"]
[White "Madhavan, Sanjith"]
[Black "Cheema, Jaideep C"]
[Result "1-0"]
[WhiteElo "1498"]
[BlackElo "1337"]
[PlyCount "117"]
[EventDate "2020.04.30"]
[WhiteTeam "East Kilbride Knights"]
[BlackTeam "Brentwood 2"]

1. e4 e5 2. f4 exf4 3. Nf3 g5 4. Bc4 g4 5. O-O gxf3 6. Qxf3 Qf6 7. d3 d6 8.
Bxf4 Nc6 9. Nc3 Qg7 10. Nd5 Kd8 11. Bg3 Be6 12. Bh4+ Kc8 13. Nb6+ axb6 14.
Bxe6+ Kb8 15. Qxf7 Qxf7 16. Rxf7 Be7 17. Bxe7 Ngxe7 18. c3 Ka7 19. d4 Rae8 20.
Bd7 Rd8 21. Bxc6 Nxc6 22. Rxc7 Rde8 23. Re1 Re7 24. Rxe7 Nxe7 25. e5 dxe5 26.
Rxe5 Ng6 27. Rf5 Rf8 28. Rxf8 Nxf8 29. Kf2 b5 30. Ke3 Kb6 31. Ke4 Nd7 32. b3
Kc6 33. Kd3 Kd5 34. c4+ bxc4+ 35. bxc4+ Kc6 36. Ke4 b5 37. cxb5+ Kb6 38. Kd5
Kxb5 39. Ke6 Nf8+ 40. Kf7 Ng6 41. Kg7 Kc4 42. Kxh7 Nf4 43. g4 Kxd4 44. g5 Ke5
45. g6 Nxg6 46. Kxg6 Kd4 47. h4 Kc4 48. h5 Kc3 49. h6 Kb2 50. h7 Kxa2 51. h8=Q
Kb3 52. Qc8 Kb4 53. Qc6 Ka5 54. Qb7 Ka4 55. Kf5 Ka5 56. Ke5 Ka4 57. Kd4 Ka3 58.
Kc3 Ka2 59. Qb2# 1-0

[Event "Junior Online 4NCL Division 5"]
[Site "online"]
[Date "2020.04.30"]
[Round "3.26"]
[White "Antonopoulos, Chris"]
[Black "Shrestha, Unnabh"]
[Result "0-1"]
[WhiteElo "1307"]
[BlackElo "1084"]
[PlyCount "92"]
[EventDate "2020.04.30"]
[WhiteTeam "Brentwood 2"]
[BlackTeam "East Kilbride Knights"]

1. e4 c6 2. d4 d5 3. e5 Bf5 4. Nf3 e6 5. Nc3 Ne7 6. Bg5 h6 7. Bh4 Nd7 8. Bd3
Bxd3 9. Qxd3 Qc7 10. O-O a6 11. a4 c5 12. a5 Nc6 13. b3 Nb4 14. Qd2 cxd4 15.
Nxd4 Bc5 16. Nxe6 fxe6 17. Qe2 O-O 18. Ra4 b5 19. axb6 Qxb6 20. Na2 Nxa2 21.
Rxa2 Qb5 22. c4 Qxb3 23. cxd5 Qxd5 24. Rd1 Qc6 25. h3 Nb6 26. Rc2 Nd5 27. Qh5
Nf4 28. Qg4 Rac8 29. Bf6 g5 30. Rc4 Bxf2+ 31. Kxf2 Qxc4 32. Rd7 Qc2+ 33. Kg1
Qc1+ 34. Kh2 Rc7 35. Rxc7 Qxc7 36. Bxg5 hxg5 37. Qxg5+ Qg7 38. Qg3 Qxg3+ 39.
Kxg3 a5 40. h4 a4 41. h5 a3 42. h6 a2 43. h7+ Kxh7 44. Kh4 a1=Q 45. g4 Qh1+ 46.
Kg5 Qh6# 0-1

[Event "Junior Online 4NCL Division 5"]
[Site "online"]
[Date "2020.04.30"]
[Round "3.27"]
[White "Tandon, Ashley"]
[Black "Kriel, Daniel"]
[Result "1-0"]
[WhiteElo "905"]
[BlackElo "1090"]
[PlyCount "53"]
[EventDate "2020.04.30"]
[WhiteTeam "East Kilbride Knights"]
[BlackTeam "Brentwood 2"]

1. d4 d5 2. c4 dxc4 3. e3 Nc6 4. Bxc4 e5 5. d5 Nb8 6. h3 Nf6 7. Nf3 b6 8. Nc3
Bb7 9. e4 Nbd7 10. O-O Bc5 11. Bb5 c6 12. dxc6 Bc8 13. cxd7+ Bxd7 14. Bxd7+
Qxd7 15. Nxe5 Qc7 16. Qa4+ Nd7 17. Qxd7+ Qxd7 18. Nxd7 Kxd7 19. Rd1+ Ke7 20.
Bf4 Rhe8 21. Nd5+ Kf8 22. Nc7 Rab8 23. Nxe8 Rxe8 24. Bd6+ Kg8 25. Bxc5 Rxe4 26.
Rd8+ Re8 27. Rxe8# 1-0

[Event "Junior Online 4NCL Division 5"]
[Site "online"]
[Date "2020.04.30"]
[Round "3.28"]
[White "Coppell, Gracie"]
[Black "Nagar Nikunj"]
[Result "0-1"]
[WhiteElo "1000"]
[BlackElo "653"]
[PlyCount "64"]
[EventDate "2020.04.30"]
[WhiteTeam "Brentwood 2"]
[BlackTeam "East Kilbride Knights"]

1. e4 e5 2. Nc3 Nc6 3. Nf3 Nf6 4. b3 Bc5 5. g3 d6 6. Be2 Be6 7. O-O O-O 8. d3
h6 9. Nb5 Nd4 10. Nfxd4 exd4 11. Bf3 Bh3 12. Re1 Qd7 13. Na3 Bb4 14. Re2 Bg4
15. Nc4 Bxf3 16. Ba3 Bxe2 17. Qxe2 Bxa3 18. Nxa3 Qg4 19. Re1 Qxe2 20. Rxe2 Rfe8
21. Nb5 Rac8 22. Nxa7 Ra8 23. Nb5 Rxa2 24. Kg2 Re6 25. Nxc7 Re5 26. Na8 Rxa8
27. b4 Rb5 28. Kg1 Rxb4 29. Re1 Rb2 30. Rf1 Rxc2 31. g4 Rc3 32. g5 hxg5 0-1

[Event "Junior Online 4NCL Division 5"]
[Site "online"]
[Date "2020.04.30"]
[Round "3.31"]
[White "McIntyre, Jack"]
[Black "Weedon, Arlo"]
[Result "1-0"]
[WhiteElo "1376"]
[BlackElo "1330"]
[PlyCount "97"]
[EventDate "2020.04.30"]
[WhiteTeam "Gonzaga College SJ C"]
[BlackTeam "Wey 2"]

1. e4 e5 2. Nf3 Nc6 3. Bc4 Nf6 4. Ng5 d5 5. exd5 Na5 6. Bb5+ c6 7. dxc6 bxc6 8.
Qf3 Bg4 9. Bxc6+ Nxc6 10. Qxc6+ Nd7 11. Qd5 Be6 12. Nxe6 fxe6 13. Qxe6+ Be7 14.
d3 Rf8 15. Be3 Qc7 16. Qc4 Qxc4 17. dxc4 Bc5 18. Bxc5 Nxc5 19. Nc3 Rd8 20. Rd1
Ke7 21. O-O g5 22. Nd5+ Ke6 23. Nc7+ Kf5 24. Nd5 Ne4 25. Ne3+ Ke6 26. Rd3 Rd6
27. Rxd6+ Kxd6 28. f3 Nc5 29. Rd1+ Kc6 30. Rd5 Re8 31. Kf2 Re7 32. Nf5 Re6 33.
Ng3 h6 34. b4 Nb7 35. Ne4 a6 36. Nc5 Nxc5 37. Rxc5+ Kb6 38. Ke3 Re7 39. Ke4 Re6
40. Rxe5 Rc6 41. Kd5 Kb7 42. Re6 Rxe6 43. Kxe6 Kb6 44. Kf6 a5 45. bxa5+ Kxa5
46. Kg6 Kb4 47. Kxh6 Kxc4 48. Kxg5 Kc3 49. h4 1-0

[Event "Junior Online 4NCL Division 5"]
[Site "online"]
[Date "2020.04.30"]
[Round "3.32"]
[White "Weedon, Oscar"]
[Black "He, Andrew"]
[Result "0-1"]
[WhiteElo "1352"]
[BlackElo "1207"]
[PlyCount "102"]
[EventDate "2020.04.30"]
[WhiteTeam "Wey 2"]
[BlackTeam "Gonzaga College SJ C"]

1. d3 d5 2. e4 dxe4 3. Nc3 exd3 4. Bxd3 Nf6 5. Nf3 Nc6 6. O-O Bg4 7. h3 Bh5 8.
Bf4 e6 9. Nb5 Nd5 10. Qd2 Bb4 11. c3 Ba5 12. b4 Bb6 13. c4 Nxf4 14. Qxf4 Qxd3
15. Rad1 Qg6 16. c5 O-O 17. cxb6 cxb6 18. Kh2 Bxf3 19. gxf3 Rae8 20. Rg1 Qh5
21. Nd6 e5 22. Qg3 g6 23. Nxe8 Rxe8 24. b5 Nd4 25. f4 Nf3+ 26. Kh1 Nxg1 27.
Rxg1 exf4 28. Qxf4 Qd5+ 29. Kh2 Qe5 30. Qxe5 Rxe5 31. Rc1 Rxb5 32. Rc2 Ra5 33.
Kg3 Kg7 34. Kf4 Kf6 35. Ke4 Ke6 36. f4 Ra4+ 37. Ke3 Kf5 38. Rf2 Re4+ 39. Kd3
Rxf4 40. Rh2 Rf3+ 41. Ke2 Ra3 42. Kd1 b5 43. Rf2+ Ke6 44. Kc1 b6 45. Rh2 f5 46.
Kb2 Re3 47. a3 Ke5 48. Ka2 g5 49. Kb2 f4 50. Rg2 h6 51. Rh2 a5 0-1